000 01151cad a22002175a 4500
001 L156627
008 120614s2012 xxk f 000 0 eng d
020 _a9781409835479
035 _a(Sirsi) u156627
041 0 _aeng
110 2 _aUnited Kingdom
_bDepartment for Communities and Local Government
_94939
245 0 0 _aHigh income social tenants
_bPay to stay consultation paper
_h[electronic resource]
260 _aLondon
_cDCLG
_b2012
520 _aThe Government consults on proposals to require tenants on high incomes in social housing to pay higher rents than those on lower incomes. Considers the income threshold above which high income tenants could be asked to pay a higher rent, what the higher level of rent should be, disclosure of income by tenants and whether the policy should be voluntary or compulsory for social landlords.
520 _aConsultation closes 12 September 2012.
590 _aKA NTK
651 4 _aEngland
_y886-
690 _aResidential property
_96266
856 4 0 _uhttps://www.communities.gov.uk/documents/housing/pdf/2160581.pdf
_zView the item free of charge from the www.communities.gov.uk
942 _n0
999 _c114328
_d114328